01007nam a22001817a 450000100060000000300060000600500170001200800410002902000180007004000290008808200110011710000190012824500530014726000380020030000490023852005050028765000330079210064FISKH20260402162339.0260402b cb ||||| |||| 00| 0 eng d a9780008160043 aFISKHbengcFISKHdFISKH a510.76 aClarke, Peter  aCollins international primary maths workbook 6 / aLondon : bHarpercollins, c2016. a123 pages : bcolor illustrations ; c27 cm  aCollins International Primary Maths supports best practice in primary maths teaching, whilst encouraging teacher professionalism and autonomy. A wealth of supporting digital assets are provided for every lesson, including slideshows, animations, tools and games to ensure they are rich, lively and engaging. Each Workbook page has three levels of challenge which allow learners to practise and consolidate their newly acquired knowledge, skills and understanding of the mathematics they are learning. aMathematic Book vSecondary